Power generation handbook : selection, applications, operation, and maintenance (Record no. 173077)
[ view plain ]
| 000 -LEADER | |
|---|---|
| fixed length control field | 00431nam a2200145Ia 4500 |
| 008 - FIXED-LENGTH DATA ELEMENTS--GENERAL INFORMATION | |
| fixed length control field | 231217s9999 xx 000 0 und d |
| 041 ## - LANGUAGE CODE | |
| Language code of text/sound track or separate title | English |
| 082 ## - DEWEY DECIMAL CLASSIFICATION NUMBER | |
| Classification number | 621.31 KIA;1 R |
| 100 ## - MAIN ENTRY--PERSONAL NAME | |
| Personal name | Kiameh, Philip |
| 245 #0 - TITLE STATEMENT | |
| Title | Power generation handbook : selection, applications, operation, and maintenance |
| 260 ## - PUBLICATION, DISTRIBUTION, ETC. | |
| Date of publication, distribution, etc. | 2003 |
| Name of publisher, distributor, etc. | McGraw-Hill, |
| Place of publication, distribution, etc. | New York |
| 300 ## - PHYSICAL DESCRIPTION | |
| Extent | xvii+I-18 |
| 650 ## - SUBJECT ADDED ENTRY--TOPICAL TERM | |
| Topical term or geographic name entry element | Concurrent,programming,windows |
| 942 ## - ADDED ENTRY ELEMENTS (KOHA) | |
| Koha item type | Books |
| Date last seen | Total checkouts | Full call number | Accession number | Cost, total (INR) price | Price effective from | Category | Lost status | Damaged status | Department | Withdrawn status | Home library | Current library | Shelving location | Entry date | Vendor | Cost, normal purchase price | Grants | Billnumber | Billdate | Currency symbol | Conversion rate | Discount | Old discount |
|---|---|---|---|---|---|---|---|---|---|---|---|---|---|---|---|---|---|---|---|---|---|---|---|
| 26/01/2024 | 621.31 KIA;1 R | 30044 | 637.50 | 26/01/2024 | Books | CS | Central Library | Central Library | Central Library | 23/09/2004 | Sapna Book House | 850.00 | CS | 4582 | 06/01/2007 | AUS DOLLAR | 1 | 212.5 | 25 |
